|
|
|
|
| LEADER |
01172cas a2200253 a 4500 |
| 001 |
AALejournalIMF021213 |
| 008 |
230101c9999 xx r poo 0 0eng d |
| 020 |
|
|
|z 9781513554877
|
| 022 |
|
|
|a 1020-8151
|
| 040 |
|
|
|a BD-DhAAL
|c BD-DhAAL
|
| 110 |
2 |
|
|a International Monetary Fund.
|b Communications Department.
|
| 240 |
1 |
0 |
|a Finance and Development, December 2020.
|l Russian
|
| 245 |
1 |
0 |
|a Finance and Development, December 2020.
|
| 264 |
|
1 |
|a Washington, D.C. :
|b International Monetary Fund,
|c 2020.
|
| 300 |
|
|
|a 1 online resource (60 pages)
|
| 490 |
1 |
|
|a Finance and Development
|
| 500 |
|
|
|a <strong>Off-Campus Access:</strong> No User ID or Password Required
|
| 500 |
|
|
|a <strong>On-Campus Access:</strong> No User ID or Password Required
|
| 506 |
|
|
|a Electronic access restricted to authorized BRAC University faculty, staff and students
|
| 520 |
3 |
|
|a Finance and Development, December 2020.
|
| 538 |
|
|
|a Mode of access: Internet
|
| 651 |
|
7 |
|a United States
|2 imf
|
| 830 |
|
0 |
|a Finance and Development; Finance and Development ;
|v No 0057/004
|
| 856 |
4 |
0 |
|z Full text available on IMF
|u http://elibrary.imf.org/view/journals/022/0057/004/022.0057.issue-004-ru.xml
|z IMF e-Library
|